000 00641nam a22002177a 4500
003 UA-OsUOA
001 133672
007 ta
008 20181029b un ||||| |||| 00| 0 ukr d
100 _aГолубова Г. В.
090 _a330(477)
_bГ62
942 _cSA
040 _aUA-OsUOA
_bukr
_cUA-OsUOA
_dUA-OsUOA
245 _aСтатистичний аналіз та прогнозування експорту України
300 _aС.6-13
955 _a0
041 _aukr
080 _a330(477)
773 0 _w133671
_tСтатистика України
_dК.
_d2018
_g2
650 7 _a330 Економіка взагалі
_2UDC
999 _c421146
_d421146